00631cam a2200205Ia 4500008004100000020002200041100002400063245007100087250001200158260003700170300003400207500002000241504004100261650003500302650002300337650003800360003000100398005001700399040000900416  a0412397005 (pbk.)1 aNethercot, David A.10aLimit states design of structural steelwork /cDavid A. Nethercot. a2nd ed. aLondon :bChapman & Hall,c1991. axix, 274 p. :bill. ;c24 cm. aIncludes index. aIncludes bibliographical references. 0aPlastic analysis (Engineering) 0aSteel, Structural. 0aStructural analysis (Engineering)20230123122008.0 cNUST